000 00393nam a22001217a 4500
082 _a200 THE
100 _aMuniba Saleem
_915531
245 _aTH-SOF-1046-DETECTION OF HEMORRHAGES AND WHITENING FOR DIAGNOSIS OF MALARIAL RETINOPATHY
260 _aISLAMABAD
_bNUST COLLEGE OF EME
_c2014
650 _aMS-CSE-12 MSTHESIS
700 _aSUPERVISOR Dr. Muhammad Usman Akram
_969721
942 _cCF
999 _c577529
_d577529